LDR 00908naa#a2200205#i#450# 001 EN\\bibl\126437 005 20260629201832.1 011 ## _a2223-9987 100 ## _a20260629b2026####ek#y0engy0150####ca 102 ## _aRU 200 1# _aConstruction of an Optimal Motion Model for a High-Speed Electric Train Based on Precomputed Transitions and Dynamic Programming _eJournal article 210 1# _aSaint-Petersburg _cFSBEI HE "Emperor Alexander I St. Petersburg State Transport University" _d2026 215 ## _a14 с. 608 ## _aJournal article _2local 675 ## _aСпециальные системы управления и контроля для железнодорожного подвижного состава. 629.4.053 _z 700 #1 _aValinsky _gOleg Sergeevich 700 #1 _aEvstaf'ev _gAndrey Mihaylovich 700 #1 _aSychugov _gAnton Nikolaevich 700 #1 _aSuhanov _gEvgeniy Vladimirovich 856 4# _aatjournal.ru _u